Quizzes
Events
Quiz Creation
Community
Videos
Private Events
Remove Ads
Sign In
Join for FREE
Feedback
Dark Mode
Quiz Categories
Sports
Geography
Music
Movies
Television
Just For Fun
Miscellaneous
History
Literature
Language
Science
Gaming
Entertainment
Religion
Holiday
For Kids
Quiz Lab
Recent
Popular Today
Quiz Kudos Today
Editor Picks
Curator Picks
Quizzes by...
Day
Popularity
Type
Ratings
Length
Year
Community
Subscriptions
Recent Discussions
Orange Saloon
Badges
Playlists
Quests
Create
Leaderboards
Showdown
Live 5
Trivia Bingo
Activity
Puzzle Library
Sporcle Events
Private Events
Virtual Trivia
Globe League
Become a Host
Pub Owners
SporcleCon
Opinionation
Our Games
Videos
Blog
Mobile Apps
Partnerships
Remove Ads and Go Orange
Feedback
Sports
Athletes
MLB
NBA
NHL
NFL
Soccer
Sports Teams
WWE
NCAA
Football
Premier League
Basketball
Baseball
Hockey
Golf
Tennis
Cricket
Rugby
Auto Racing
Olympics
World Cup
Sports
Athletes
MLB
NBA
NHL
NFL
Soccer
Sports Teams
WWE
NCAA
Football
Premier League
Basketball
Baseball
Hockey
Golf
Tennis
Cricket
Rugby
Auto Racing
Olympics
World Cup
Random Quiz
Search Sporcle
×
Quiz Lab
Quiz Lab
Sports
University
Type in answers that appear in a list
Type in answers that appear in a list
Classic
Best Score? Go Orange.
Cal Bowl Game History Stats
Can you name the teams that the University of California has faced in Bowl games?
By
amwoods13
5m
21 Questions
183 Plays
183 Plays
183 Plays
Comments
Comments
Give Quiz Kudos
Give Quiz Kudos
-
- Ratings
hide this ad
Replay
Link that replays current quiz
Next Quiz
Link to next quiz in quiz playlist
You Got
0%
They Got
Avg Score
65%
Avg Friend Score
Upgrade to see
Score Distribution
Jump to the score distribution portion of the page
Score
0/21
Timer
05:00
0
Plays Today
Season and Bowl Game
Opponent
% Correct
2011 Holiday Bowl
Texas
93.1%
1951 Rose Bowl
Michigan
92.9%
1921 Rose Bowl
Ohio State
91.3%
1950 Rose Bowl
Ohio State
91.3%
2006 Holiday Bowl
Texas A&M
77.6%
2004 Holiday Bowl
Texas Tech
75.4%
1959 Rose Bowl
Iowa
74.3%
1993 Alamo Bowl
Iowa
74.3%
2008 Emerald Bowl
Miami (FL)
73.8%
2009 Poinsettia Bowl
Utah
73.2%
2005 Las Vegas Bowl
BYU
70.5%
Season and Bowl Game
Opponent
% Correct
2007 Armed Forces Bowl
Air Force
67.8%
1938 Rose Bowl
Alabama
66.7%
1996 Aloha Bowl
Navy
63.9%
2003 Insight Bowl
Virginia Tech
62.3%
1949 Rose Bowl
Northwestern
61.7%
1992 Citrus Bowl
Clemson
57.9%
1929 Rose Bowl
Georgia Tech
55.7%
1990 Copper Bowl
Wyoming
37.7%
1979 Garden State Bowl
Temple
26.2%
1922 Rose Bowl
Washington & Jefferson
15.8%
Quiz Playlist
Details
Report
Send in Message
Add To Playlist
Classic:
Type in answers that appear in a list
Quiz Source
Last Updated: Feb 16, 2017
Quiz Scoreboard
CHALLENGE
Sign Up to Join the Scoreboard
Show All
Scores
Hide
Comments
May contain spoilers
Recently Published
Billboard Blitz: Fleetwood Mac
by CooCooCachoo
Music
15s
Presidents Visiting Landmarks
by Hejman
History
7m
An Introduction to Baseball
by treessimontrees
Sports
5m
More to Explore
Quiz From the Vault
Featured Blog Post
Where Did the Easter Bunny Come From?
hide this ad
You Might Also Like...
Tags
University Quiz
Bowl
cal
California
Faced
opponent
result
team
Today's Top Quizzes in Sports
Browse Sports
hide this ad
Today's Top Quizzes in University
Browse University
Top Contributed Quizzes in Sports
1
Les meilleurs buteurs des matchs entre le PSG et l’OM
2
2022 World Cup Stars
3
FIFA Club World Cup Champions
4
Les entraîneurs de l'OM et du PSG au 21e siècle
5
Criteria MLB: Left Handed Sluggers
6
Name the Premier League winners with different clubs
7
5-to-1: UK Sports Teams
8
AFC Teams Reveal (Wrong Answers Minefield)
9
Players with Multiple 50 Home Run Seasons
10
5-to-1: FBS Animal Nicknames
Explore More
Trending Topics
Kpop
Marvel
Anime
Crossword
Disney
NBA
Harry Potter
The Office
Soccer
WWE
Puzzle
Pokémon
Country
NFL
Song
hide this ad
More By:
amwoods13
Quiz
Plays
Rating
Category
Featured
Created
Colorful Song Click 'Em
101,380
4.41
Music
May 8, 2012
Song Occupations
80,427
4.28
Music
May 20, 2012
Classic Rock from A to Z
60,845
4.44
Music
Aug 5, 2013
Lead Singer Match: Classic Rock
51,328
4.43
Music
Jan 8, 2013
Best Picture Nominee Slot Machine
50,367
4.62
Movies
Jun 4, 2012
Go to Creator's Profile
Score Distribution
Quiz Creator Spotlight
amwoods13
Follow
Send a Message
Quizzes Created
-
Created Quiz Play Count
-
More By This Creator
Popular Quizzes Today
1
Find the US States - No Outlines Minefield
2
Find the Countries of Europe - No Outlines Minefield
3
The Countries of the World
4
Find the US States
5
US States
6
Risky Map Clicking: Biggest States A-Z
7
Popular People in 1961
8
Movies - When Are They Set?
More Sports Quizzes
Complete the Card: AEW All Out
Curator's Pick
Trending Quizzes
Risky Map Clicking: Least Populous States A-Z
1-10 Letter G Words
1-10 Letter F Words
Risky Map Clicking: Next State Alphabetically
Risky Map Clicking: Biggest States A-Z
Recently Updated
Leaping Animals
pecheneg
Reality TV Shows (A-Z)
bhenderson79
Rickey Henderson's Hall of Fame Teammates
pecheneg
Champions League XIs: Arsenal
pecheneg
Quick Pick: Celebrities in WWE's Hall of Fame
aduchscher
A-Z Keypad Blitz II
pecheneg
Multiple Oscar Actors
pecheneg
Mystery Phrase Blitz: Oscar 'Best Actors'
pecheneg
F. Scott Fitzgerald Novels
LTH
Pick 3 Villains
ddd62291
Trending Topics
Disney
Crossword
Anime
NBA
Harry Potter
Marvel
Kpop
Song
Country
Puzzle
WWE
NFL
The Office
Soccer
Pokémon
Your Account Isn't Verified!
In order to create a playlist on Sporcle, you need to verify the email address you used during registration. Go to your
Sporcle Settings
to finish the process.
Report this User
Report this user for behavior that violates our
Community Guidelines
.
Details:
Send Report
Go to the Sporcle.com Mobile Site →
Comments